Советский политический плакат, 1918-1940 (Запись № 13161854)

Подробности
000 -МАРКЕР
контрольное поле 01871nam0a2200385 4500
001 - ИДЕНТИФИКАТОР ЗАПИСИ
контрольное поле RU\NLR\BIBL_A\012794107
005 - ИДЕНТИФИКАТОР ВЕРСИИ
контрольное поле 20260408213413.0
010 ## - МЕЖДУНАРОДНЫЙ СТАНДАРТНЫЙ НОМЕР КНИГИ (ISBN)
Номер (ISBN) 978-5-903406-77-7
Тираж 2000
035 ## - ДРУГИЕ СИСТЕМНЫЕ НОМЕРА
Идентификатор записи (NLR Aleph) 012794107
100 ## - ДАННЫЕ ОБЩЕЙ ОБРАБОТКИ
Данные общей обработки 20220520d2021 |||y0rusy50 ca
101 0# - ЯЗЫК РЕСУРСА
Язык текста, звукозаписи и т.д. русский
-- английский
102 ## - СТРАНА ПУБЛИКАЦИИ ИЛИ ПРОИЗВОДСТВА
Страна публикации российская федерация
105 ## - ПОЛЕ КОДИРОВАННЫХ ДАННЫХ: ТЕКСТОВЫЕ МАТЕРИАЛЫ, МОНОГРАФИЧЕСКИЕ
Кодированные данные о монографическом текстовом документе ach|z|||001zy
181 #0 - ПОЛЕ КОДИРОВАННЫХ ДАННЫХ: ВИД СОДЕРЖАНИЯ
Код вида содержания (ISBD) b3
Код характеристики содержания (ISBD) xb2e
181 #0 - ПОЛЕ КОДИРОВАННЫХ ДАННЫХ: ВИД СОДЕРЖАНИЯ
Код вида содержания (ISBD) i1
Код характеристики содержания (ISBD) axxe
182 #0 - ПОЛЕ КОДИРОВАННЫХ ДАННЫХ: ТИП СРЕДСТВА
Код типа средства (ISBD) n - непосредственное
200 1# - ЗАГЛАВИЕ И СВЕДЕНИЯ ОБ ОТВЕТСТВЕННОСТИ
Основное заглавие Советский политический плакат, 1918-1940
Параллельное заглавие Soviet political posters, 1918-1940
Сведения, относящиеся к заглавию альбом
-- [на русском и английском языках]
Первые сведения об ответственности Павел Снопков, Александр Шклярук
Последующие сведения об ответственности автор текста: Александр Федорович Шклярук
Язык параллельного заглавия английский
203 ## - ВИД СОДЕРЖАНИЯ И ТИП СРЕДСТВА
Вид содержания Изображение
-- Текст
Дополнительные сведения об издании визуальные
Тип средства непосредственные
210 ## - ПУБЛИКАЦИЯ, РАСПРОСТРАНЕНИЕ И ДР.
Место издания, распространения и т.д. Москва
Имя издателя, распространителя и т. д. Контакт-Культура
Дата издания, распространения и т.д. 2021
215 ## - ФИЗИЧЕСКАЯ ХАРАКТЕРИСТИКА
Специфическое обозначение материала и объем 317, [2] с.
Другие сведения о физической характеристике цв. ил., портр., факс.
Размеры 24
300 ## - ОБЩИЕ ПРИМЕЧАНИЯ
Текст примечания На обл. авт. не указаны
320 ## - ПРИМЕЧАНИЯ О НАЛИЧИИ В ДОКУМЕНТЕ БИБЛИОГРАФИИ / УКАЗАТЕЛЯ
Текст примечания Указ. произведений: с. 312-318
510 1# - ПАРАЛЛЕЛЬНОЕ ЗАГЛАВИЕ
Связь между полями z11790
Параллельное заглавие Soviet political posters, 1918-1940
Язык заглавия английский
606 ## - НАИМЕНОВАНИЕ ТЕМЫ КАК ПРЕДМЕТ
Наименование темы Плакат политический
Географический подзаголовок СССР
Хронологический подзаголовок 1918 - 1940
Формальный подзаголовок Альбомы
Идентификатор авторитетной/нормативной записи RU\NLR\AUTH\6601706039
Системный номер авторитетной/нормативной записи 2516167
686 1# - ИНДЕКСЫ ДРУГИХ КЛАССИФИКАЦИЙ
Индекс Щ153(2)7-466.4я61
700 #1 - ИМЯ ЛИЦА - ПЕРВИЧНАЯ ОТВЕТСТВЕННОСТЬ
Начальный элемент ввода Снопков
Часть имени, кроме начального элемента ввода П. А.
Расширение инициалов личного имени Павел Александрович
701 #1 - ИМЯ ЛИЦА - АЛЬТЕРНАТИВНАЯ ОТВЕТСТВЕННОСТЬ
Начальный элемент ввода Шклярук
Часть имени, кроме начального элемента ввода А. Ф.
Даты 1947-
Расширение инициалов личного имени Александр Фёдорович
790 #1 - ИМЯ ЛИЦА - АЛЬТЕРНАТИВНАЯ ФОРМА
Связь между полями z11
Начальный элемент ввода Snopkov
Часть имени, кроме начального элемента ввода P. A.
Расширение инициалов личного имени Pavel Aleksandrovič
790 #1 - ИМЯ ЛИЦА - АЛЬТЕРНАТИВНАЯ ФОРМА
Связь между полями z11
-- z11510
Начальный элемент ввода Škljaruk
Часть имени, кроме начального элемента ввода A. F.
Даты 1947-
Расширение инициалов личного имени Aleksandr Fjodorovič
942 ## - ДОПОЛНИТЕЛЬНЫЕ ЭЛЕМЕНТЫ ЗАПИСИ (АБИС)
Тип экземпляра АБИС Книга
980 ## - КОЛЛЕКЦИЯ
Название коллекции Национальная библиография
Экземпляры
Тип экземпляра Дата поступления Источник поступления Стоимость Библиотека постоянного хранения Библиотека текущего хранения Место хранения Шифр хранения Штрих-код Статус не для выдачи
Книга 20.05.2022 Дар 500.00 РНБ (Садовая) РНБ (Садовая) Фонд эстампов и фотографий (изоизданий) Э АлИс580-63/2-52 1-3507938